Search the Library Catalogue
| 000 -LEADER | |
|---|---|
| fixed length control field | 00433nam a2200169Ia 4500 |
| 008 - FIXED-LENGTH DATA ELEMENTS--GENERAL INFORMATION | |
| fixed length control field | 191130s9999##################000#0#eng## |
| 020 ## - INTERNATIONAL STANDARD BOOK NUMBER | |
| International Standard Book Number | 9781846967238 |
| 040 ## - CATALOGING SOURCE | |
| Original cataloging agency | ACL |
| Transcribing agency | ACL |
| 082 ## - DEWEY DECIMAL CLASSIFICATION NUMBER | |
| Classification number | 912 HOE |
| 100 ## - MAIN ENTRY--PERSONAL NAME | |
| Personal name | Hoe, Susan |
| 245 ## - TITLE STATEMENT | |
| Title | Nature's habitats |
| Statement of responsibility, etc. | Hoe, Susan |
| 300 ## - PHYSICAL DESCRIPTION | |
| Extent | 32 p. : col. ill., col. maps ; 28 cm |
| 650 ## - SUBJECT ADDED ENTRY--TOPICAL TERM | |
| Topical term or geographic name entry element | Susan Hoe |
| 990 ## - EQUIVALENCES OR CROSS-REFERENCES [LOCAL, CANADA] | |
| Link information for 9XX fields | 20ea3fcfac10000c20df75ba8219cff8 |
| 991 ## - | |
| -- | 46844 |
| Withdrawn status | Lost status | Damaged status | Not for loan | Home library | Current library | Date acquired | Total Checkouts | Full call number | Barcode | Date last seen | Price effective from | Koha item type |
|---|---|---|---|---|---|---|---|---|---|---|---|---|
| Anna Centenary Library | Anna Centenary Library | 09.10.2020 | 912 HOE | 333481 | 09.10.2020 | 09.10.2020 | English Books |